The practical surveyor, or the art of land-measuring made easy (Record no. 114511)

MARC details
000 -LEADER
fixed length control field 01232cam a22001935a 4500
001 - CONTROL NUMBER
control field L156950
008 - FIXED-LENGTH DATA ELEMENTS--GENERAL INFORMATION
fixed length control field 120731s1740 xxk f 000 0 eng d
035 ## - SYSTEM CONTROL NUMBER
System control number (Sirsi) u156950
041 0# - LANGUAGE CODE
Language code of text/sound track or separate title eng
100 1# - MAIN ENTRY--PERSONAL NAME
Personal name Wyld, Samuel
245 04 - TITLE STATEMENT
Title The practical surveyor, or the art of land-measuring made easy
Remainder of title shewing by plain and familiar rules, how to survey any piece of land whasoever, by the plain-table, theodolite, or cicumferentor : or, by the chain only. And how to protract, cast up, reduce and divide the same. Likewise, an easy method of protracting observations made within the meridian; and how to cast up the content of any plot of land, by reducing any multangular figure to one triangle. To which is added, an appendix. Shewing how to draw buildings, &c. in perspective ; of levelling; and also how to measure standing timber
260 ## - PUBLICATION, DISTRIBUTION, ETC.
Place of publication, distribution, etc. London
Name of publisher, distributor, etc. Printed for H. Lintot; and sold by W. Johnstone, at the Golden-Ball, in St. Paul's Church-yard
Date of publication, distribution, etc. [1740?]
300 ## - PHYSICAL DESCRIPTION
Extent viii, 188 p.
Other physical details 6 folded plates
Dimensions 21 cm.
520 ## - SUMMARY, ETC.
Summary, etc. Contains annotations, and the name "Ja. Scriven, 1799".
583 ## - ACTION NOTE
Action Condition reviewed
Time/date of action 20120620
Status condition level 1
651 #4 - SUBJECT ADDED ENTRY--GEOGRAPHIC NAME
Geographic name Great Britain
Chronological subdivision 1707-
690 ## - LOCAL SUBJECT ADDED ENTRY--TOPICAL TERM (OCLC, RLIN)
Topical term or geographic name as entry element Measurement
9 (RLIN) 6256
942 ## - ADDED ENTRY ELEMENTS (KOHA)
Suppress in OPAC 0
Holdings
Withdrawn status Lost status Source of classification or shelving scheme Damaged status Not for loan Home library Current library Shelving location Date acquired Total Checkouts Full call number Barcode Date last seen Copy number Price effective from Koha item type
    Dewey Decimal Classification     Historic collection Historic collection Historic collection 31/07/2012   OCTAVO 1740 WYLD 30077091 06/08/2019 1 06/08/2019 Book